000 00651nam a22001937a 4500
999 _c64978
_d64978
005 20240530110800.0
008 190122s2018 ua cf g 000 0 eng d
017 _bمصر. دار الكتب
040 _aEG-CaGPL
_cEG-CaGPL
082 0 4 _221
_a 915.93/
_bM J
100 1 _aMontapaneewat, Juthekeart
245 1 2 _aA Journey through Thailand :
_bLand of Unforgettable Experience /
_cphotography by Asmaa Gamal ;Text Written by Juthekeart Montapaneewat
260 _a :Cairo
_c2015.
300 _a159 P. :
_bill ;
_c24 cm.
650 _2qrmak
651 0 4 _2Thailand
_aDescription and Travels
700 1 _aGamal, Asmaa
_ephotography
942 _2ddc
_cBK